LEADER 01088nam a2200265 u 4500 001 000000028497 003 CaOOAMICUS 005 20070226111817.0 008 960717s1991 it u000 u ita u 020 $a8831754858 035 $a10736672 040 $aMSA$bita$dPUL(R) 100 1 $aBobbio, Norberto,$d1909-2004.$0(OLS)http://pul/name/5645 245 14$aUna guerra giusta ? :$bsul conflitto del Golfo /$cNorberto Bobbio. 260 $aVenezia :$bMarsilio,$c1991. 300 $a90 p. ;$c20 cm 490 1 $aI Grilli Marsilio 650 0$aPersian Gulf War, 1991.$2//eng$0(OLS)http://pul/subject/16432 830 2$aI Grilli Marsilio.$0(OLS)http://pul/title/15426 850 $aPUL 852 $aPUL$W1$xSL Religione 2$y84$mRH D 59$j39554$nBK-PRI$b $qStampati altre collocazioni$B39554$CPULBib$Z2$F39554 $H $81 941 1 $a10 996 $6020$a8831754858$9(OLS)http://pul/number/35380 996 $6245$aUna guerra giusta ? :$bsul conflitto del Golfo$9(OLS)http://pul/title/38896 996 $6260$aVenezia :$bMarsilio$9(OLS)http://pul/publisher/52932 LEADER 01561nam a2200337 a 4500 001 000000123022 003 CaOOAMICUS 005 20100922111700.0 008 100922s2010 enkd u000 u eng r 020 $a978-0-230-23329-4 040 $aPUL$bita$dMCT 082 04$a327 245 00$aNew systems theories of world politics /$cedited by Mathias Albert, Lars-Erik Cederman and Alexander Wendt. 260 $aNew York :$bPalgrave Macmillan,$cİ2010. 300 $axi, 312 p. :$bgrafici ;$c23 cm 490 1 $aPalgrave studies in international relations series 500 $aInclude indice. 504 $aBibliografia alla fine di ogni cap. 650 4$aPolitica internazionale$ySec. XX.$0(OLS)http://pul/subject/18834 650 4$aRelazioni internazionali.$0(OLS)http://pul/subject/27045 700 1 $aAlbert, Mathias.$0(OLS)http://pul/name/77359 700 1 $aCederman, Lars-Erik.$0(OLS)http://pul/name/77360 700 1 $aWendt, Alexander.$0(OLS)http://pul/name/77361 830 0$aPalgrave studies in international relations series.$0(OLS)http://pul/title/155050 850 $aPUL 852 $aPUL$W1$xSL Diritto e Scienze Sociali 3$y79$m327 ALBMA 1$j141331$qDDC 21$B140374$CPULBib$Z2$F140374 $H114761 $82 941 1 $a9 996 $6020$a978-0-230-23329-4$9(OLS)http://pul/number/145386 996 $6082$a327$9(OLS)http://pul/classification/379 996 $6245$aNew systems theories of world politics$9(OLS)http://pul/title/155049 996 $6260$aNew York :$bPalgrave Macmillan$9(OLS)http://pul/publisher/75784